Normal view
MARC view
Entry Topical Term
001 - CONTROL NUMBER
- control field: 1234663
003 - CONTROL NUMBER IDENTIFIER
- control field: OSt
005 - DATE AND TIME OF LATEST TRANSACTION
- control field: 20260410124255.0
008 - FIXED-LENGTH DATA ELEMENTS
- fixed length control field: 260410|| aca||aabn | a|a d
040 ## - CATALOGING SOURCE
- Original cataloging agency: OSt
- Transcribing agency: OSt
150 ## - HEADING--TOPICAL TERM
- Topical term or geographic name entry element: फिजी
670 ## - SOURCE DATA FOUND
- Source citation: Work cat.: (OSt)1467119: चतुर्वेदी, रेखा 862603, फ़िजी में भारतीयों का इतिहास तथा उनका जीवन (1879-1947), 2025.
